Subdivision capitals closest to Põlva (EE) - Statistics

General Stats
  • This quiz has been taken 16 times
  • The average score is 8 of 20
Answer Stats
Distance (km) Answer % Correct
19 154 Pärnu
100%
2 41 Tartu
100%
14 135 Cēsis
60%
7 86 Jõgeva
60%
6 80 Pskov
60%
3 68 Valga
60%
8 92 Viljandi
60%
1 23 Võru
60%
10 100 Gulbene
40%
4 69 Valka
40%
12 113 Valmiera
40%
11 103 Balvi
20%
16 146 Jõhvi
20%
18 151 Limbaži
20%
15 143 Madona
20%
13 127 Paide
20%
17 149 Rakvere
20%
9 98 Smiltene
20%
20 162 Varaklāni
20%
5 70 Alūksne
0%
No matching quizzes found
Score Distribution
Percent of People with Each Score
Percentile by Number Answered
Your Score History
You have not taken this quiz